| 000 | 00885nam a2200205 i 4500 | ||
|---|---|---|---|
| 001 | 152460 | ||
| 003 | ES-MaACL | ||
| 005 | 20230911063142.0 | ||
| 008 | 051014s1894 sp | |||||||| ||spa d | ||
| 040 |
_aCAM _bspa _cCAM |
||
| 100 | 1 |
_aBotella, Cristóbal, _d1867-1921 _930745 |
|
| 245 | 1 | 0 | _aDemanda interpuesta por el letrado Cristóbal Botella á nombre de Manuel Gómez Cuevas contra la Real Orden dictada por el Ministerio de Marina el 21 de mayo de 1893. |
| 260 |
_aMadrid : _b[s.n.], _c1894 ( _fImprenta de Francisco Nozal) |
||
| 300 |
_a30 p. ; _c24 cm. |
||
| 594 | _aPrecede al tit.: Recurso contencioso-administrativo. | ||
| 600 | 1 | 4 |
_aGómez Cuevas, Francisco. _9127689 |
| 650 | 0 | 4 |
_aAlegaciones jurídicas- _yS. XIX. _9135548 |
| 852 |
_aES-MaACL _jT-802-F-2 _z-- Enc. hol., conservando la enc. original _z-- Enc. en un vol. facticio |
||
| 999 |
_c152460 _d152460 |
||